000 00563nam a2200145 4500
999 _c16253
_d16253
008 210820b ||||| |||| 00| 0 eng d
022 _a0732-8435
082 _aDPer 657.05 C33 Apr - Sept 2016, v86 n4-9
100 _aLevy, Howard B.
_942733
245 _aOld habits are hard to break:
_bthe expectation gap and the case against careless use of outdated language/
_cHoward B. Levy.
260 _aNew York:
_bThe New York State Society of CPA,
_c©2016.
300 _av86 n5, pages 12-14:
_billustration;
_c28 cm.
650 _aAccounting.
_943565
942 _2ddc
_cPER